Countries that pledged the most military aid to Ukraine - Statistics

General Stats
  • This quiz has been taken 95 times
  • The average score is 14 of 15
Answer Stats
# Amount Country % Correct
12 650€ France
100%
3 3,570€ Germany
100%
4 2,420€ Poland
99%
2 6,630€ UK
99%
1 43,200€ USA
99%
10 770€ Finland
95%
7 1,260€ Norway
93%
8 1,130€ Sweden
93%
11 660€ Italy
92%
6 1,380€ Canada
90%
9 800€ Denmark
83%
5 2,360€ Netherlands
83%
14 410€ Lithuania
80%
13 570€ Czech Republic
76%
15 380€ Australia
70%
No matching quizzes found
Score Distribution
Percent of People with Each Score
Percentile by Number Answered
Your Score History
You have not taken this quiz